Tudományos ülés a Szemklinikán [rövid hír]
Elmentve itt :
| Dokumentumtípus: | Cikk |
|---|---|
| Megjelent: |
1967-09-12
|
| Sorozat: | Délmagyarország
57 No. 215 |
| Kulcsszavak: | Petri Gábor, Tudományos ülés betegápolás Szeged 1967 |
| Online Access: | http://dmarchiv.bibl.u-szeged.hu/63031 |
| LEADER | 00466nab a2200145 i 4500 | ||
|---|---|---|---|
| 001 | delm63031 | ||
| 005 | 20180927151321.0 | ||
| 008 | 180927s1967 hu o 0|| hun d | ||
| 040 | |a SZTE Délmagyarország Archívum |b hun | ||
| 041 | |a hun | ||
| 245 | 0 | 0 | |a Tudományos ülés a Szemklinikán |h [elektronikus dokumentum] : |b [rövid hír] |
| 260 | |c 1967-09-12 | ||
| 300 | |a 4 | ||
| 490 | 0 | |a Délmagyarország |v 57 No. 215 | |
| 695 | |a Petri Gábor, Tudományos ülés betegápolás Szeged 1967 | ||